000 01046cam a2200277 a 4500
001 000002773
005 20241010113234.0
008 861010s1989 sp b 000 p spa d
020 _a8477131724
040 _aDO-SdBNP
_bspa
_cBNPHU
082 _a808.1
_bJ33p
100 1 _aJaner Manila, Gabriel,
_d1940-
_98742
240 1 0 _aPedagogia de la imaginació poètica.
_lEspañol
245 1 0 _aPedagogía de la imaginación poética /
_cGabriel Janer Manila ; traducción Angelina Gatell.
260 _aBarcelona :
_bAliorna,
_c1989.
300 _a111 p. ;
_c21 cm.
490 1 _aAliorna Teoría y Práctica
_v5
504 _aIncluye referencias bibliográficas.
534 _aTítulo original en catalán:
_tPedagogia de la imaginació poètica.
650 4 _aPoética
_xTécnicas de enseñanza
_98743
650 4 _aInterpretación oral
_xTécnicas de enseñanza
_98744
650 0 _aPedagogía
_9693
700 1 _aGatell, Angelina,
_etr.
_98745
830 0 _aAliorna Teoría y Práctica;
_n5
_98746
910 _aValidado. Control de calidad MMOLINA
999 _c2607
_d2607